00584nam a22001457a 4500003000400000082001800004100001600022245019900038260002500237300000700262653003300269942001200302952010700314999001700421SGT a617.525bP26G aGarg, Bobby aA prospective clinical study using toluidine blue dye for lymphatic mapping and comparision of sentinel lymph node frozen biopsy with final histopathology of lymphadenectomy in no oral carcinoma aGurugrambSGTUc2026 a61 aOral & Maxillofacial Surgery 2ddccTH 00102ddc4071aFDbFDcREFd2026-04-10l0o617.525 P26GpDT2672r2026-04-10 00:00:00w2026-04-10yTH c34616d34616